Score 0/20 Timer 10:00
0 Plays Today
Hint Answer % Correct
ChelseaEden Hazard
90.8%
TottenhamHarry Kane
81.6%
ArsenalPierre-Emerick Aubameyang
80.3%
LiverpoolMohamed Salah
77.2%
Crystal PalaceWilfried Zaha
58.3%
Manchester UnitedDavid de Gea
53.9%
Manchester CityKevin de Bruyne
45.2%
EvertonJordan Pickford
39.5%
WolverhamptonRui Patricio
39%
Leicester CityRiyad Mahrez
36.8%
Hint Answer % Correct
West Ham UnitedFelipe Anderson
31.1%
FulhamJean Michaël Seri
29.8%
Huddersfield TownAaron Mooy
28.9%
Brighton Hove and AlbionMathew Ryan
23.2%
BurnleyJames Tarkowski
21.5%
Cardiff CityVictor Camarasa
12.7%
Newcastle UnitedMartin Dubravka
8.3%
SouthamptonJannik Vestergaard
8.3%
WatfordAbdoulaye Doucouré
0.9%
BournemouthCallum Wilson
0%
Remove Ads.
Support Sporcle.
Get the best of Sporcle when you Go Orange. This ad-free experience offers more features, more stats, and more fun while also helping to support Sporcle. Thank you for becoming a member.

You're not logged in!

Compare scores with friends on all Sporcle quizzes.
OR
Log In

Show Comments

Extras

Top Quizzes Today


Score Distribution

Your Account Isn't Verified!

In order to create a playlist on Sporcle, you need to verify the email address you used during registration. Go to your Sporcle Settings to finish the process.

Report this User

Report this user for behavior that violates our Community Guidelines.

Details: